| 000 | 00893nam a2200241 i 4500 | ||
|---|---|---|---|
| 001 | 181066 | ||
| 003 | ES-MaACL | ||
| 005 | 20250902063118.0 | ||
| 008 | 121015s2010 sp a | |||||||| | spa d | ||
| 020 | _a978-84-92711-69-7 | ||
| 080 | _a821.134.2 Muelas, Federico 1.07 | ||
| 100 | 1 |
_aMuela Calero, Alfredo, _d1952- _9151610 |
|
| 245 | 1 | 0 |
_aEstudio de la poesía de Federico Muelas / _cAlfredo Muela Calero. |
| 260 |
_aCuenca : _bDiputación Provincial de Cuenca, _cD.L. 2010. |
||
| 300 |
_a741 p. : _bil. ; _c24 cm. |
||
| 490 | 1 |
_aCreación literaria ; _vn. 27 |
|
| 504 | _aBibliografía: p. 711-738. Índice. | ||
| 600 | 1 | 7 |
_aMuelas, Federico, _d1909-1974- _xCrítica e interpretación _9151611 |
| 830 | 0 |
_aCreación literaria ; _vn. 27 _9178462 |
|
| 852 |
_aES-MaACL _jA-12283 _9187949 _bR.146867 _cDEPO1 _dOlim: N-5288 |
||
| 942 |
_2udc _cMONOGRAFIA |
||
| 999 |
_c181066 _d181066 |
||